| 000 | 00442nam a22001337a 4500 | ||
|---|---|---|---|
| 008 | 160808b xxu||||| |||| 00| 0 eng d | ||
| 020 | _a0787955191 | ||
| 050 | _aLB 1044.87 .P34 2001 | ||
| 100 |
_aPalloff,Rena M. _d2001 |
||
| 245 |
_aLessons from the cyberspace classroom: _bthe realities of online teaching. |
||
| 260 |
_aSan Francisco: _bJossey-bass, _c2001. |
||
| 300 | _axx,204p. | ||
| 942 |
_2lcc _cBOOKS _hHV 1431 .Y68 2004 |
||
| 999 |
_c12773 _d12773 |
||